00787nam a2200181 a 4500008004100000020001800041050001300059100001800072245009200090260004800182300003200230350001100262650004200273650004200315995010200357999001700459952012900476200622s2019 ||||||||||||||||| || u a9781107194946 aHB 72 Ng aNg, Yew-Kwang10aMarkets and morals justifying kidney sales and legalizing prostitutioncBy Yew-Kwang Ng aCambridgebCambridge University Pressc2019 ax, 209 pages: illustrations a128.30 aECONOMICS--MORALS AND ETHICAL ASPECTS aCAPITALISM--MORAL AND ETHICAL ASPECTS FCBU-MAIN LIBRARY (Kitwe)I128.30M1UAVAILABLEWJun 25, 2020ZMain Library Open Access Collection c50527d50527 00102lcc4070a001b001cMain Library Open Access Collectiond2022-11-30l0oHB 72 Ngp750330r2022-11-30w2022-11-30y002